Complex buildings: learning systems

Saved in:
Bibliografiske detaljer
Main Authors: Fernández Per, Aurora (Author), Mozas, Javier (Author)
Format: Bog
Sprog:engelsk
spansk
Udgivet: s.l A and T Architecture Publishers 2018
Udgivelse:1a. ed
Fag:
Tags: Tilføj Tag
Ingen Tags, Vær først til at tagge denne postø!

MARC

LEADER 00000cam a2200000 a 4500
001 UCC7052
003 CL-VaPUC
008 190125e20180000sp |||||||||||||||||eng|d
020 |a 9788409018673 
041 0 7 |a eng  |2 CL-VaPUC 
041 0 7 |a spa  |2 CL-VaPUC 
082 0 4 |a 727  |b FER  |2 21 
100 0 |a Fernández Per, Aurora  |e author  |9 601600 
700 0 |a Mozas, Javier  |e author  |9 601601 
245 1 0 |a Complex buildings: learning systems 
250 |a 1a. ed 
300 |a 117 p 
942 |c BK 
945 |d 20190125 15:54:00  |a dcastane 
260 |a s.l  |b A and T Architecture Publishers  |c 2018 
650 0 |a Arquitectura contemporánea  |9 367350 
650 0 |a Arquitectura   |y Siglo 21  |9 556966 
583 |a last modification  |c 20190315 08:58:04  |k Rodrigo Vera 
999 |c 373843  |d 373841 
952 |0 0  |1 0  |3 erb  |4 0  |6 727_000000000000000_FER_2018  |7 0  |8 A  |9 492090  |a BIBARQ  |b BIBARQ  |i 553383K  |l 1  |o 727 FER 2018  |p 553383K  |r 2025-03-17  |s 2025-03-14  |w 2019-11-24  |y BK  |z Catalogado en:20190125  |k ARQ